مكتبة جامعة عجلون الوطنية

فهرس بحث المكتبة

Normal view MARC view
  • Preparation AL-Hazaimeh, Suzan Ahmad, Samah Hasan AL-Thiabat؛ Supervisor Mahmoud AL Sobh, Co Supervisor Ahmad AL-Kouri

Entry Personal Name

Number of records used in: 1

001 - CONTROL NUMBER

  • control field: 5794

003 - CONTROL NUMBER IDENTIFIER

  • control field: JO-AjAnu

005 - DATE AND TIME OF LATEST TRANSACTION

  • control field: 20230606071236.0

008 - FIXED-LENGTH DATA ELEMENTS

  • fixed length control field: 230606|| aca||aabn | a|a d

040 ## - CATALOGING SOURCE

  • Original cataloging agency: JO-AjAnu
  • Transcribing agency: JO-AjAnu

100 ## - HEADING--PERSONAL NAME

  • Personal name: Preparation AL-Hazaimeh, Suzan Ahmad, Samah Hasan AL-Thiabat؛ Supervisor Mahmoud AL Sobh, Co Supervisor Ahmad AL-Kouri

670 ## - SOURCE DATA FOUND

  • Source citation: Work cat.: (JO-AjAnu)3003: Preparation AL-Hazaimeh, Suzan Ahmad, Samah Hasan AL-Thiabat؛ Supervisor Mahmoud AL Sobh, Co Supervisor Ahmad AL-Kouri, author, The Image of Women in Foster,s A Passage to India From a Feminist Perpective